[Event "35. Torneo Internacional La Roda "]
[Site "La Roda ESP"]
[Date "2008.03.19"]
[Round "1.2"]
[White "Valverde Caballero, Rafael"]
[Black "Epishin, Vladimir"]
[Result "0-1"]
[WhiteElo "2030"]
[BlackElo "2577"]
[PlyCount "46"]
[EventDate "2008.03.19"]
[EventType "swiss"]
[EventRounds "9"]
[EventCountry "ESP"]
[Source "lmi"]
[SourceDate "2008.03.19"]

1. e4 c5 2. Nf3 d6 3. d4 Nf6 4. Nc3 cxd4 5. Nxd4 Nc6 6. Be3 e5 7. Nb3 Be7 8.
Be2 Be6 9. Qd2 O-O 10. O-O-O a5 11. Kb1 a4 12. Nc1 a3 13. b3 Rc8 14. f3 Nb4 15.
Nd3 d5 16. Nxe5 Qc7 17. Bd4 Rfd8 18. exd5 Nfxd5 19. Nxd5 Rxd5 20. c3 Rcd8 21.
Qe3 Bf5+ 22. Bd3 Rxd4 23. cxb4 Qc3 0-1

[Event "35. Torneo Internacional La Roda "]
[Site "La Roda ESP"]
[Date "2008.03.19"]
[Round "1.3"]
[White "Kolev, Atanas"]
[Black "Garcia Galeote, Lorenzo"]
[Result "1-0"]
[WhiteElo "2572"]
[BlackElo "2028"]
[PlyCount "47"]
[EventDate "2008.03.19"]
[EventType "swiss"]
[EventRounds "9"]
[EventCountry "ESP"]
[Source "lmi"]
[SourceDate "2008.03.19"]

1. e4 e5 2. Nf3 Nf6 3. d4 Nxe4 4. Bd3 d5 5. dxe5 Nc5 6. Nc3 Nxd3+ 7. Qxd3 c6 8.
Nd4 Bc5 9. Be3 Bxd4 10. Qxd4 Qb6 11. Qxb6 axb6 12. Bxb6 Bf5 13. O-O-O O-O 14.
h3 Nd7 15. Bc7 h5 16. a3 Rfe8 17. Rhe1 Rac8 18. Bd6 Re6 19. Ne2 Rh6 20. Nd4 Be6
21. f4 Nf8 22. f5 Bd7 23. e6 fxe6 24. fxe6 1-0

[Event "35. Torneo Internacional La Roda "]
[Site "La Roda ESP"]
[Date "2008.03.19"]
[Round "1.4"]
[White "Plana Caballero, Miguel"]
[Black "Ubilava, Elizbar"]
[Result "0-1"]
[WhiteElo "2015"]
[BlackElo "2544"]
[PlyCount "84"]
[EventDate "2008.03.19"]
[EventType "swiss"]
[EventRounds "9"]
[EventCountry "ESP"]
[Source "lmi"]
[SourceDate "2008.03.19"]

1. d4 Nf6 2. g3 c5 3. e3 d5 4. Bg2 Nc6 5. Ne2 Bf5 6. c3 e6 7. O-O Be7 8. Nd2
O-O 9. Nf3 Be4 10. b3 Rc8 11. Bb2 b5 12. Qd2 c4 13. b4 a5 14. a3 Qc7 15. Ng5
Bxg2 16. Kxg2 Rcd8 17. Qc2 e5 18. f3 h6 19. Nh3 Rfe8 20. Rae1 Bf8 21. Nf2 g6
22. Qd2 Qb7 23. Ng4 Nxg4 24. fxg4 Re6 25. Ng1 axb4 26. cxb4 Bg7 27. Nf3 Rde8
28. h4 exd4 29. Nxd4 Re4 30. Rf4 Nxd4 31. Rxe4 Rxe4 32. exd4 Qe7 33. Bc3 Rxe1
34. Qxe1 Qxe1 35. Bxe1 Bxd4 36. Kf3 c3 37. Ke2 c2 38. Bd2 Bb2 39. Kd3 c1=Q 40.
Bxc1 Bxc1 41. a4 bxa4 42. b5 Bb2 0-1

[Event "35. Torneo Internacional La Roda "]
[Site "La Roda ESP"]
[Date "2008.03.19"]
[Round "1.5"]
[White "Strikovic, Aleksa"]
[Black "Lara Granero, Bio"]
[Result "1-0"]
[WhiteElo "2543"]
[BlackElo "2015"]
[PlyCount "39"]
[EventDate "2008.03.19"]
[EventType "swiss"]
[EventRounds "9"]
[EventCountry "ESP"]
[Source "lmi"]
[SourceDate "2008.03.19"]

1. Nf3 Nf6 2. c4 g6 3. g3 Bg7 4. Bg2 c5 5. O-O O-O 6. d4 cxd4 7. Nxd4 Nc6 8. c5
a6 9. Nc3 e5 10. Nb3 b5 11. cxb6 Qxb6 12. Be3 Qc7 13. Rc1 Rd8 14. Bg5 Re8 15.
Qd2 Bb7 16. Nc5 Rab8 17. Bxf6 Bxf6 18. Nd5 Qd8 19. Nxf6+ Qxf6 20. Nxd7 1-0

[Event "35. Torneo Internacional La Roda "]
[Site "La Roda ESP"]
[Date "2008.03.19"]
[Round "1.6"]
[White "Martinez Martinez, Manuel"]
[Black "Movsziszian, Karen"]
[Result "0-1"]
[WhiteElo "2008"]
[BlackElo "2527"]
[PlyCount "86"]
[EventDate "2008.03.19"]
[EventType "swiss"]
[EventRounds "9"]
[EventCountry "ESP"]
[Source "lmi"]
[SourceDate "2008.03.19"]

1. e4 c5 2. Nc3 d6 3. Bb5+ Bd7 4. Bxd7+ Qxd7 5. Nf3 Nc6 6. d4 cxd4 7. Nxd4 g6
8. Be3 Bg7 9. f4 Nf6 10. h3 O-O 11. O-O Rac8 12. a3 Na5 13. Qd3 Nc4 14. Bc1 e5
15. Nde2 Qc6 16. b3 Nb6 17. fxe5 dxe5 18. Bg5 Nh5 19. Rac1 h6 20. Bh4 Nf4 21.
Nxf4 exf4 22. Nd5 Qc5+ 23. Bf2 Qxa3 24. Nxb6 axb6 25. Bxb6 g5 26. c4 Rfe8 27.
Rfd1 Rc6 28. Bf2 Rce6 29. Re1 Qb4 30. Qd5 Bc3 31. Bc5 Qa5 32. b4 Bxb4 33. Bxb4
Qxb4 34. Rb1 Qc3 35. Kh1 b6 36. Rbd1 f3 37. Rf1 fxg2+ 38. Kxg2 Qc2+ 39. Kg3
Qxe4 40. Qxe4 Rxe4 41. Rd6 R8e6 42. Rd8+ Kg7 43. Rd7 Rf6 0-1

[Event "35. Torneo Internacional La Roda "]
[Site "La Roda ESP"]
[Date "2008.03.19"]
[Round "1.7"]
[White "Paunovic, Dragan"]
[Black "Sanchez Garcia, Manuel"]
[Result "1-0"]
[WhiteElo "2522"]
[BlackElo "2007"]
[PlyCount "45"]
[EventDate "2008.03.19"]
[EventType "swiss"]
[EventRounds "9"]
[EventCountry "ESP"]
[Source "lmi"]
[SourceDate "2008.03.19"]

1. d4 Nf6 2. Nf3 e6 3. g3 Bb4+ 4. c3 Be7 5. Bg2 c5 6. O-O Nc6 7. c4 cxd4 8.
Nxd4 O-O 9. Nc3 a6 10. h3 d5 11. cxd5 exd5 12. Be3 Ne5 13. Qb3 Nc4 14. Bf4 Bc5
15. Rad1 Re8 16. Bg5 Na5 17. Qc2 Bxd4 18. Rxd4 Qb6 19. Rfd1 Bd7 20. Bxf6 Qxf6
21. Nxd5 Qe5 22. Nb6 Bf5 23. Qd2 1-0

[Event "35. Torneo Internacional La Roda "]
[Site "La Roda ESP"]
[Date "2008.03.19"]
[Round "1.8"]
[White "Alcaraz Carcel, Antonio"]
[Black "Mirzoev, Azer"]
[Result "0-1"]
[WhiteElo "2003"]
[BlackElo "2518"]
[PlyCount "86"]
[EventDate "2008.03.19"]
[EventType "swiss"]
[EventRounds "9"]
[EventCountry "ESP"]
[Source "lmi"]
[SourceDate "2008.03.19"]

1. d4 Nf6 2. Nc3 d5 3. Bg5 Nbd7 4. e3 e6 5. Nf3 c5 6. a3 a6 7. Be2 Be7 8. O-O
O-O 9. Ne5 Nxe5 10. dxe5 Nd7 11. Bxe7 Qxe7 12. f4 b5 13. Bf3 Bb7 14. Ne2 Nb6
15. g4 Nc4 16. Qc1 Rfd8 17. b3 Nb6 18. Qb2 a5 19. g5 Rac8 20. Rad1 Qc7 21. Ng3
g6 22. Nh1 d4 23. e4 c4 24. Nf2 cxb3 25. cxb3 Qc3 26. Nd3 Qxb2 27. Nxb2 Rc3 28.
Rd3 Rdc8 29. Rfd1 Nd7 30. b4 a4 31. Bg2 Nb6 32. h4 Kg7 33. R1d2 h6 34. Nd1 Rxd3
35. Rxd3 hxg5 36. hxg5 Rc1 37. Kh2 Nc4 38. Rxd4 Nxa3 39. Nf2 Nc2 40. Rd7 Bc6
41. Rd8 Ne3 42. Kg3 a3 43. Kf3 Rc3 0-1

[Event "35. Torneo Internacional La Roda "]
[Site "La Roda ESP"]
[Date "2008.03.19"]
[Round "1.9"]
[White "Corrales Jimenez, Fidel"]
[Black "Del Valle Millan, David"]
[Result "1-0"]
[WhiteElo "2509"]
[BlackElo "2002"]
[PlyCount "73"]
[EventDate "2008.03.19"]
[EventType "swiss"]
[EventRounds "9"]
[EventCountry "ESP"]
[Source "lmi"]
[SourceDate "2008.03.19"]

1. e4 e6 2. d4 d5 3. e5 c5 4. c3 Nc6 5. Nf3 Bd7 6. Be2 Qb6 7. O-O Nge7 8. Na3
cxd4 9. cxd4 Nf5 10. Nc2 Be7 11. Kh1 h5 12. Bd3 O-O-O 13. Bxf5 exf5 14. Bg5 Kb8
15. b4 Bxg5 16. Nxg5 Be6 17. a4 Rc8 18. Rb1 h4 19. Qd2 Ka8 20. h3 f4 21. Rb2 f3
22. Nxf3 f6 23. exf6 gxf6 24. Qf4 Qd8 25. Ne3 Qd7 26. Rc1 Ne7 27. Rxc8+ Rxc8
28. Rb1 Nf5 29. b5 Nxe3 30. Qxe3 Rg8 31. Nxh4 Qh7 32. Re1 Bc8 33. Qf4 Rh8 34.
Rc1 b6 35. Qxf6 Bxh3 36. gxh3 Qxh4 37. Rc8+ 1-0

[Event "35. Torneo Internacional La Roda "]
[Site "La Roda ESP"]
[Date "2008.03.19"]
[Round "1.10"]
[White "Machado Hernandez, Junior"]
[Black "Almeida Quintana, Omar"]
[Result "0-1"]
[WhiteElo "1995"]
[BlackElo "2500"]
[PlyCount "104"]
[EventDate "2008.03.19"]
[EventType "swiss"]
[EventRounds "9"]
[EventCountry "ESP"]
[Source "lmi"]
[SourceDate "2008.03.19"]

1. e4 c5 2. Nf3 e6 3. d4 cxd4 4. Nxd4 a6 5. Be2 Nf6 6. Bf3 Qc7 7. O-O d6 8. Nc3
Nbd7 9. Be3 Be7 10. a4 Ne5 11. Be2 b6 12. f4 Ned7 13. Bf3 Bb7 14. Nb3 h5 15.
Qe2 Rc8 16. Rad1 Qb8 17. Bd4 e5 18. fxe5 dxe5 19. Bf2 Qc7 20. Rd3 Nc5 21. Nxc5
Bxc5 22. Bxc5 Qxc5+ 23. Kh1 h4 24. Bg4 Rc7 25. Nd5 Bxd5 26. exd5 Qd6 27. Re3
O-O 28. c4 e4 29. Bf5 Re8 30. b3 Qc5 31. Re1 Rce7 32. Qf2 Re5 33. Bh3 b5 34.
Qxh4 bxc4 35. bxc4 Qxc4 36. d6 Qd4 37. d7 Nxd7 38. Bxd7 Qxd7 39. Rh3 f6 40.
Qh7+ Kf8 41. Qg6 Qf7 42. Rh8+ Ke7 43. Rxe8+ Kxe8 44. Qxf7+ Kxf7 45. Kg1 f5 46.
Kf2 Ra5 47. Ra1 Kf6 48. Ke3 Ke5 49. g3 g5 50. h4 gxh4 51. gxh4 Rc5 52. Rh1 Rc2
0-1

[Event "35. Torneo Internacional La Roda "]
[Site "La Roda ESP"]
[Date "2008.03.19"]
[Round "1.11"]
[White "Starostits, Ilmars"]
[Black "Gonzalez Berruga, Ana Isabel"]
[Result "0-1"]
[WhiteElo "2500"]
[BlackElo "1992"]
[PlyCount "140"]
[EventDate "2008.03.19"]
[EventType "swiss"]
[EventRounds "9"]
[EventCountry "ESP"]
[Source "lmi"]
[SourceDate "2008.03.19"]

1. e4 c5 2. Nc3 d6 3. g3 Nc6 4. Bg2 g6 5. d3 Bg7 6. f4 e6 7. Nf3 Nge7 8. O-O
O-O 9. Be3 a6 10. Bf2 Qc7 11. d4 cxd4 12. Nxd4 Rd8 13. Qd2 b5 14. Rad1 Bb7 15.
Nb3 Rac8 16. g4 Kh8 17. Bh4 b4 18. Ne2 f6 19. Ned4 Qd7 20. f5 exf5 21. gxf5
gxf5 22. Nxf5 Nxf5 23. Rxf5 Qe6 24. Rdf1 Rf8 25. R1f2 a5 26. Nd4 Nxd4 27. Qxd4
Rc4 28. Qd3 Bxe4 29. Bxe4 Rxe4 30. Bg3 Rd8 31. Rd5 Bh6 32. Rxf6 Be3+ 33. Kg2
Qxf6 34. Qxe4 Rf8 35. Rd1 Bc5 36. b3 Qg5 37. Kh1 Qh5 38. Re1 Rg8 39. Qd3 Qf7
40. Qe4 Qh5 41. Kg2 Rf8 42. Qd3 Qg4 43. c4 Rf2+ 44. Kh1 Rxa2 45. Qf1 Qc8 46.
Qf6+ Kg8 47. Qg5+ Kh8 48. Qd5 Qg8 49. Qc6 Qf7 50. Qc8+ Kg7 51. Qg4+ Kh8 52. Bh4
Qb7+ 53. Qe4 Qxe4+ 54. Rxe4 Ra3 55. Bg5 Ra1+ 56. Kg2 Rg1+ 57. Kf3 Rxg5 58. Re8+
Kg7 59. Ra8 Bg1 60. h4 Re5 61. Ra6 Bc5 62. Rxa5 Re3+ 63. Kg4 Rxb3 64. Kg5 Rg3+
65. Kh5 Rc3 66. Rb5 Rxc4 67. Rb7+ Kf6 68. Rb8 Ke5 69. Re8+ Kd5 70. Kg5 b3 0-1

[Event "35. Torneo Internacional La Roda "]
[Site "La Roda ESP"]
[Date "2008.03.19"]
[Round "1.12"]
[White "Rodrigo Yanguas, Maria"]
[Black "Ibarra Jerez, Jose Carlos"]
[Result "0-1"]
[WhiteElo "1988"]
[BlackElo "2493"]
[PlyCount "70"]
[EventDate "2008.03.19"]
[EventType "swiss"]
[EventRounds "9"]
[EventCountry "ESP"]
[Source "lmi"]
[SourceDate "2008.03.19"]

1. e4 c5 2. Nf3 d6 3. d4 cxd4 4. Nxd4 Nf6 5. Nc3 a6 6. Be2 e6 7. O-O b5 8. Bf3
Ra7 9. a4 b4 10. Na2 e5 11. Nb3 Nc6 12. c3 bxc3 13. Nxc3 Rb7 14. Be3 Be6 15.
Nd5 Nb4 16. Qd2 a5 17. Rfd1 Nfxd5 18. exd5 Bf5 19. Rac1 Be7 20. Rc4 O-O 21. Nc1
Bd7 22. b3 f5 23. g3 g5 24. Qe2 e4 25. Bg2 Bf6 26. Qd2 Be8 27. Ne2 Bh5 28. Rf1
Bxe2 29. Qxe2 Nxd5 30. Bd4 Nb4 31. f3 Bxd4+ 32. Rxd4 Qb6 33. Qc4+ d5 34. Qc3
Rc7 35. Qe3 Nc2 0-1

[Event "35. Torneo Internacional La Roda "]
[Site "La Roda ESP"]
[Date "2008.03.19"]
[Round "1.13"]
[White "Sanchez, Joseph"]
[Black "Garcia Sanz, Eduardo"]
[Result "1-0"]
[WhiteElo "2492"]
[BlackElo "1978"]
[PlyCount "61"]
[EventDate "2008.03.19"]
[EventType "swiss"]
[EventRounds "9"]
[EventCountry "ESP"]
[Source "lmi"]
[SourceDate "2008.03.19"]

1. e4 c6 2. d4 d5 3. f3 dxe4 4. fxe4 e5 5. Nf3 exd4 6. Bc4 Be7 7. O-O Be6 8.
Bxe6 fxe6 9. Nxd4 Qd6 10. Bf4 Qd7 11. Qh5+ g6 12. Qe5 Bf6 13. Qxe6+ Qxe6 14.
Nxe6 Bxb2 15. Nc7+ Kd7 16. Rd1+ Kc8 17. Nd2 Bd4+ 18. Kh1 Bxa1 19. Rxa1 Ne7 20.
Nxa8 Na6 21. Nc4 b5 22. Nd6+ Kd7 23. Rd1 Rxa8 24. Nxb5+ Ke6 25. g3 g5 26. Rd6+
Kf7 27. Bxg5 Nc5 28. Rf6+ Kg7 29. Nd6 Nc8 30. Nf5+ Kg8 31. Bh6 1-0

[Event "35. Torneo Internacional La Roda "]
[Site "La Roda ESP"]
[Date "2008.03.19"]
[Round "1.14"]
[White "Perez Garcia, Jose Miguel"]
[Black "Cabrera, Alexis"]
[Result "0-1"]
[WhiteElo "1977"]
[BlackElo "2491"]
[PlyCount "110"]
[EventDate "2008.03.19"]
[EventType "swiss"]
[EventRounds "9"]
[EventCountry "ESP"]
[Source "lmi"]
[SourceDate "2008.03.19"]

1. d4 Nf6 2. Nf3 g6 3. c4 Bg7 4. Nc3 O-O 5. e4 d6 6. Be2 c5 7. O-O cxd4 8. Nxd4
Nc6 9. Be3 Bd7 10. Rc1 Nxd4 11. Bxd4 Bc6 12. f3 Nd7 13. Be3 a5 14. b3 Nc5 15.
Qd2 Qb6 16. Rfd1 Rfc8 17. Nd5 Bxd5 18. cxd5 Qb4 19. Rc4 Qxd2 20. Rxd2 b5 21.
Rxc5 dxc5 22. Bxb5 Rab8 23. Bd7 Rd8 24. Bc6 c4 25. Ba7 cxb3 26. Bxb8 b2 27.
Rxb2 Bxb2 28. Bc7 Rc8 29. Bxa5 Rb8 30. h4 Be5 31. a4 Rb2 32. g4 Kf8 33. Be1 Ra2
34. Bf2 f5 35. gxf5 gxf5 36. exf5 Kf7 37. Bc5 Kf6 38. Bd7 Rd2 39. Be3 Rxd5 40.
Bg5+ Kg7 41. Be6 Rd1+ 42. Kf2 Bf6 43. Ke2 Rd4 44. a5 Bxg5 45. hxg5 Ra4 46. Kf2
h6 47. gxh6+ Kxh6 48. Bd5 Kg5 49. Be4 Kf4 50. Ke2 Rxa5 51. Kd3 Ra4 52. Ke2
Rxe4+ 53. fxe4 Kxe4 54. Kf2 Kxf5 55. Ke3 Ke5 0-1

[Event "35. Torneo Internacional La Roda "]
[Site "La Roda ESP"]
[Date "2008.03.19"]
[Round "1.15"]
[White "Suba, Mihai"]
[Black "Ponce Valero, Juan Antonio"]
[Result "1-0"]
[WhiteElo "2485"]
[BlackElo "1974"]
[PlyCount "67"]
[EventDate "2008.03.19"]
[EventType "swiss"]
[EventRounds "9"]
[EventCountry "ESP"]
[Source "lmi"]
[SourceDate "2008.03.19"]

1. Nc3 d5 2. e4 d4 3. Nce2 e5 4. Nf3 Nc6 5. Ng3 Nf6 6. Bb5 Bd6 7. Bxc6+ bxc6 8.
d3 h6 9. O-O O-O 10. h3 Rb8 11. Re1 c5 12. b3 Nh7 13. Nd2 Ng5 14. Nc4 f5 15.
exf5 Bxf5 16. Qh5 Qf6 17. Bxg5 hxg5 18. Nxf5 Qxf5 19. f3 Rf6 20. Qg4 Qxg4 21.
hxg4 Re8 22. Re2 Kf7 23. Rae1 Rfe6 24. Kf2 Kf6 25. Rh1 c6 26. Nd2 Kg6 27. Ree1
e4 28. Rxe4 Rxe4 29. dxe4 Bf4 30. Nc4 Rd8 31. Ke2 Bc7 32. Kd3 Bf4 33. Na5 Rc8
34. Nb7 1-0

[Event "35. Torneo Internacional La Roda "]
[Site "La Roda ESP"]
[Date "2008.03.19"]
[Round "1.17"]
[White "Roa Alonso, Santiago"]
[Black "Munoz Ovelar, Miguel Angel"]
[Result "1-0"]
[WhiteElo "2474"]
[BlackElo "1969"]
[PlyCount "43"]
[EventDate "2008.03.19"]
[EventType "swiss"]
[EventRounds "9"]
[EventCountry "ESP"]
[Source "lmi"]
[SourceDate "2008.03.19"]

1. e4 Nc6 2. d4 d5 3. Nc3 dxe4 4. d5 Nb8 5. Bc4 Nf6 6. Bf4 a6 7. Qe2 g6 8. f3
exf3 9. Nxf3 Bg4 10. O-O-O Bxf3 11. gxf3 h5 12. d6 Bh6 13. Bxf7+ Kxf7 14. Qc4+
Kg7 15. Bxh6+ Kxh6 16. dxc7 Qxd1+ 17. Rxd1 Nc6 18. Qf4+ g5 19. Qf5 Rac8 20. h4
gxh4 21. Rg1 Ng4 22. fxg4 1-0

[Event "35. Torneo Internacional La Roda "]
[Site "La Roda ESP"]
[Date "2008.03.19"]
[Round "1.18"]
[White "Moya Albadalejo, Jose Antonio"]
[Black "Larino Nieto, David"]
[Result "0-1"]
[WhiteElo "1964"]
[BlackElo "2439"]
[PlyCount "40"]
[EventDate "2008.03.19"]
[EventType "swiss"]
[EventRounds "9"]
[EventCountry "ESP"]
[Source "lmi"]
[SourceDate "2008.03.19"]

1. d4 Nf6 2. Bg5 Ne4 3. Bf4 c5 4. f3 Qa5+ 5. c3 Nf6 6. Nd2 cxd4 7. Nb3 Qb6 8.
Qxd4 Nc6 9. Qxb6 axb6 10. e4 d5 11. e5 Nh5 12. Be3 Nxe5 13. Bxb6 Nc4 14. Bxc4
dxc4 15. O-O-O Bf5 16. Nc5 g6 17. g3 Bh6+ 18. f4 Nxf4 19. gxf4 Bxf4+ 20. Rd2
Rxa2 0-1

[Event "35. Torneo Internacional La Roda "]
[Site "La Roda ESP"]
[Date "2008.03.19"]
[Round "1.19"]
[White "Llorente Zaro, Alfonso"]
[Black "Maza Broto, Pablo"]
[Result "1-0"]
[WhiteElo "2435"]
[BlackElo "1958"]
[PlyCount "61"]
[EventDate "2008.03.19"]
[EventType "swiss"]
[EventRounds "9"]
[EventCountry "ESP"]
[Source "lmi"]
[SourceDate "2008.03.19"]

1. c4 g6 2. Nf3 Bg7 3. d4 e6 4. Nc3 d5 5. Bf4 Ne7 6. e3 O-O 7. Be2 a6 8. b4 Nd7
9. Qb3 c6 10. O-O f6 11. Bd6 Re8 12. e4 Nb6 13. c5 dxe4 14. Bxe7 Qxe7 15. Nxe4
Nd5 16. Bc4 Rd8 17. Rfe1 Bf8 18. a4 Qg7 19. Nc3 Bd7 20. b5 axb5 21. Bxd5 exd5
22. axb5 Rxa1 23. Rxa1 Bg4 24. Ra7 Rd7 25. Nd2 Qh6 26. Nf1 Re7 27. bxc6 Qc1 28.
cxb7 Re1 29. Qxd5+ Kh8 30. Qc4 Be6 31. b8=Q 1-0

[Event "35. Torneo Internacional La Roda "]
[Site "La Roda ESP"]
[Date "2008.03.19"]
[Round "1.20"]
[White "Cruz Lledo, Pablo"]
[Black "Perez Rodriguez, Luis Manuel"]
[Result "0-1"]
[WhiteElo "1958"]
[BlackElo "2432"]
[PlyCount "120"]
[EventDate "2008.03.19"]
[EventType "swiss"]
[EventRounds "9"]
[EventCountry "ESP"]
[Source "lmi"]
[SourceDate "2008.03.19"]

1. d4 d5 2. c4 c6 3. Nc3 Nf6 4. e3 e6 5. Nf3 Nbd7 6. Qc2 Bd6 7. b3 O-O 8. Bb2
e5 9. dxe5 Nxe5 10. Nxe5 Bxe5 11. O-O-O Qa5 12. Nb1 dxc4 13. Bxc4 Bxb2+ 14.
Kxb2 b5 15. Bd3 Qb6 16. Nc3 a5 17. Ne4 Nd5 18. Qc5 Qb8 19. Qd6 Bg4 20. Qxb8
Raxb8 21. Rc1 a4 22. Bb1 Rb6 23. Nc5 a3+ 24. Ka1 Rd8 25. h3 Bh5 26. g4 Bg6 27.
Bxg6 hxg6 28. Rhd1 Rbb8 29. Rd4 f5 30. Nd3 Ne7 31. Ne5 Rxd4 32. exd4 Rd8 33.
Nxc6 Nxc6 34. Rxc6 Rxd4 35. Kb1 Rd1+ 36. Rc1 Rd3 37. Rc5 Rf3 38. Rxb5 Rxf2 39.
Ra5 Rf3 40. gxf5 gxf5 41. h4 f4 42. b4 Rc3 43. h5 Kh7 44. b5 Rc5 45. Rxa3 Rxb5+
46. Kc2 Rxh5 47. Kd2 Rh2+ 48. Ke1 g5 49. Ra6 f3 50. a3 g4 51. Rf6 Kg7 52. Rf4
Rg2 53. a4 Kg6 54. a5 Kg5 55. Rf8 Ra2 56. Rg8+ Kf4 57. Rf8+ Kg3 58. Rf5 f2+ 59.
Kf1 Ra1+ 60. Ke2 Re1+ 0-1

[Event "35. Torneo Internacional La Roda "]
[Site "La Roda ESP"]
[Date "2008.03.20"]
[Round "2.3"]
[White "Garcia Romero, Benjamin Abel"]
[Black "Kolev, Atanas"]
[Result "0-1"]
[WhiteElo "2227"]
[BlackElo "2572"]
[PlyCount "54"]
[EventDate "2008.03.19"]
[EventType "swiss"]
[EventRounds "9"]
[EventCountry "ESP"]
[Source "lmi"]
[SourceDate "2008.03.19"]

1. d4 Nf6 2. c4 e6 3. Nf3 d5 4. Nc3 dxc4 5. e3 a6 6. a4 c5 7. Bxc4 Nc6 8. O-O
Be7 9. Qe2 O-O 10. Rd1 Qc7 11. h3 Rd8 12. dxc5 Rxd1+ 13. Qxd1 Bxc5 14. e4 b6
15. Bg5 Bb7 16. Be2 Nh5 17. Qc1 h6 18. Be3 Na5 19. Nd4 Bxd4 20. Bxd4 Nb3 21.
Qe3 Nxa1 22. Bxh5 Nc2 23. Bxb6 Nxe3 24. Bxc7 Nc4 25. b3 Nd2 26. Bd1 Rc8 27. Ba5
Nxe4 0-1

[Event "35. Torneo Internacional La Roda "]
[Site "La Roda ESP"]
[Date "2008.03.20"]
[Round "2.4"]
[White "Ubilava, Elizbar"]
[Black "Chueca Forcen, Alberto"]
[Result "1-0"]
[WhiteElo "2544"]
[BlackElo "2222"]
[PlyCount "65"]
[EventDate "2008.03.19"]
[EventType "swiss"]
[EventRounds "9"]
[EventCountry "ESP"]
[Source "lmi"]
[SourceDate "2008.03.19"]

1. c4 e5 2. Nc3 Nc6 3. Nf3 g6 4. h4 Nf6 5. d3 d6 6. g3 Bg7 7. Bg2 Bg4 8. Bd2
Qd7 9. b4 O-O 10. b5 Nd4 11. Nh2 Bh3 12. O-O Bxg2 13. Kxg2 Nh5 14. e3 Ne6 15.
Rb1 f5 16. f4 Rae8 17. Qc2 exf4 18. gxf4 Nf6 19. Nd5 Ng4 20. Nxg4 fxg4 21. d4
Qd8 22. Rh1 Rf5 23. Rbf1 Rh5 24. Be1 Bf6 25. f5 Nf8 26. fxg6 Bxh4 27. Bxh4 Rxh4
28. Nf6+ Kh8 29. Rxh4 Rxe3 30. g7+ Kxg7 31. Rxh7+ Nxh7 32. Qxh7+ Kf8 33. Nxg4+
1-0

[Event "35. Torneo Internacional La Roda "]
[Site "La Roda ESP"]
[Date "2008.03.20"]
[Round "2.5"]
[White "Moreno Gracia, Daniel"]
[Black "Strikovic, Aleksa"]
[Result "1-0"]
[WhiteElo "2222"]
[BlackElo "2543"]
[PlyCount "63"]
[EventDate "2008.03.19"]
[EventType "swiss"]
[EventRounds "9"]
[EventCountry "ESP"]
[Source "lmi"]
[SourceDate "2008.03.19"]

1. c4 c5 2. Nf3 Nf6 3. Nc3 e6 4. g3 b6 5. Bg2 Bb7 6. O-O Be7 7. Re1 d6 8. e4
Nbd7 9. d4 cxd4 10. Nxd4 Qc7 11. Be3 Rc8 12. f4 Qb8 13. Qe2 Nc5 14. Bf2 Qa8 15.
Qc2 Ng4 16. Rad1 a6 17. Kh1 Nxf2+ 18. Qxf2 O-O 19. f5 Bf6 20. b4 Nd7 21. fxe6
fxe6 22. Bh3 Rfe8 23. Nd5 exd5 24. Bxd7 dxc4 25. Bxc8 Bxe4+ 26. Kg1 Qxc8 27.
Nf5 Bxf5 28. Rxe8+ Qxe8 29. Qxf5 Be5 30. Qe4 b5 31. Rxd6 Kf8 32. Rxa6 1-0

[Event "35. Torneo Internacional La Roda "]
[Site "La Roda ESP"]
[Date "2008.03.20"]
[Round "2.6"]
[White "Movsziszian, Karen"]
[Black "Kislik, Erik Andrew"]
[Result "1-0"]
[WhiteElo "2527"]
[BlackElo "2216"]
[PlyCount "86"]
[EventDate "2008.03.19"]
[EventType "swiss"]
[EventRounds "9"]
[EventCountry "ESP"]
[Source "lmi"]
[SourceDate "2008.03.19"]

1. g3 Nf6 2. Bg2 c5 3. d3 d5 4. f4 g6 5. Nf3 Bg7 6. O-O O-O 7. Qe1 Nc6 8. e4 a5
9. a4 Nb4 10. Na3 Bd7 11. e5 Ne8 12. b3 Nc7 13. Be3 d4 14. Bd2 b5 15. axb5 Nxb5
16. Bxb4 cxb4 17. Nxb5 Bxb5 18. Qe4 Rc8 19. Nxd4 Qb6 20. Kh1 Bd7 21. Ra2 Rfd8
22. h4 e6 23. g4 Be8 24. Nf3 Rd5 25. Nd2 Qd8 26. f5 Bb5 27. Qe1 Rd4 28. Qf2 Bf8
29. Ne4 a4 30. bxa4 b3 31. cxb3 Bxd3 32. Nf6+ Kh8 33. Rd1 Bc5 34. Rad2 Bb4 35.
h5 Bxd2 36. Rxd2 gxh5 37. Kh2 Rc3 38. a5 Rxb3 39. a6 Ra3 40. a7 Rxa7 41. Rxd3
Raa4 42. Qh4 Rxd3 43. Qxh5 Qg8 1-0

[Event "35. Torneo Internacional La Roda "]
[Site "La Roda ESP"]
[Date "2008.03.20"]
[Round "2.7"]
[White "Martinez Lozano, Miguel Angel"]
[Black "Paunovic, Dragan"]
[Result "0-1"]
[WhiteElo "2203"]
[BlackElo "2522"]
[PlyCount "118"]
[EventDate "2008.03.19"]
[EventType "swiss"]
[EventRounds "9"]
[EventCountry "ESP"]
[Source "lmi"]
[SourceDate "2008.03.19"]

1. e4 c5 2. Nf3 e6 3. d4 cxd4 4. Nxd4 a6 5. Nc3 Qc7 6. Bd3 Nf6 7. Qe2 d6 8. f4
Be7 9. g4 Nc6 10. Nb3 Nd7 11. h4 b5 12. Be3 Nc5 13. Nd4 b4 14. Nd1 Nxd3+ 15.
cxd3 Nxd4 16. Bxd4 e5 17. Be3 d5 18. f5 dxe4 19. dxe4 Bd7 20. Rc1 Qd8 21. Qf2
Bb5 22. g5 f6 23. Qf3 O-O 24. Rh2 Rc8 25. g6 Rxc1 26. Bxc1 Qd3 27. Qxd3 Bxd3
28. gxh7+ Kxh7 29. Nf2 Bb1 30. Be3 Rc8 31. h5 Bc5 32. Bxc5 Rxc5 33. h6 gxh6 34.
Rh4 Kg7 35. Rg4+ Kf7 36. Rg6 h5 37. Rh6 Rc4 38. Rxh5 Bxe4 39. Ng4 Kg7 40. Ne3
Rc1+ 41. Kd2 Rb1 42. Rh4 Rxb2+ 43. Kc1 Rb1+ 44. Kd2 Bf3 45. Rh3 e4 46. Kc2 Rg1
47. Kb3 Rb1+ 48. Kc2 Re1 49. Nd5 Rg1 50. Nxb4 Bg4 51. Re3 Bxf5 52. Nxa6 Kg6 53.
Nc5 Kg5 54. a4 Kf4 55. Ra3 e3+ 56. Nd3+ Bxd3+ 57. Kxd3 Kf3 58. a5 e2 59. Kd2+
Kf2 0-1

[Event "35. Torneo Internacional La Roda "]
[Site "La Roda ESP"]
[Date "2008.03.20"]
[Round "2.8"]
[White "Mirzoev, Azer"]
[Black "Robles Garcia, Claudia"]
[Result "1-0"]
[WhiteElo "2518"]
[BlackElo "2203"]
[PlyCount "51"]
[EventDate "2008.03.19"]
[EventType "swiss"]
[EventRounds "9"]
[EventCountry "ESP"]
[Source "lmi"]
[SourceDate "2008.03.19"]

1. d4 Nf6 2. Nf3 c5 3. d5 e6 4. c4 b5 5. Bg5 exd5 6. cxd5 d6 7. e4 a6 8. Bd3
Be7 9. Bf4 O-O 10. O-O Ne8 11. Nc3 Nc7 12. Re1 f5 13. Qe2 b4 14. Na4 Nb5 15. e5
dxe5 16. Bxe5 Bd6 17. Bxd6 Qxd6 18. Rac1 Bb7 19. Bc4 Nd7 20. Qe6+ Kh8 21. Bxb5
Qxe6 22. dxe6 axb5 23. exd7 bxa4 24. Rxc5 Kg8 25. Ne5 b3 26. axb3 1-0